02394nam a2200253 a 450000500170000000800370001702000150005404100080006909200170007710000270009424500430012125000400016426000290020430000250023350000730025850513630033159000560169465300150175093000090176594200130177499900150178795201690180295201690197120240826134539.0 s2005||||ag 01 g s spaspa d a9871154755 aspa c863l98sZAP1 aZapata, Alberto.91215 3a30 años despues.../cAlberto Zapata. a1a ed.bPrólogo Vicente Zito Lema aNeuquen: bEDUCO;c2005. a163 p.bil.c21x15cm aZapata, A. (2005). 30 años después. (1a ed.). Neuquén : EDUCO. aSe lo escuché decir al inolvidable Haroldo Conti, mientras caminábamos al borde de la caída de un sol de invierno por una playa de mar y discutíamos, tercos y apasionados, sobre el arte de escribir: se trata de pararse en el medio del camino, abrir el corazón y contar, simplemente contar. Así dijo, y su mirada limpia se posó sobre el mar, como si el mar también fuera un camino, o tal vez un destino donde alguien nos espera con los brazos abiertos. El tiempo corrido como un caballo salvaje, el dolor perdura en la memoria,y ahora otro amigo, Alberto Zapata, me entrega los originales de "30 años después", a la par que un viento furioso y con tierra se obstina en recordarnos que estamos sobre los limites de una alta barda, en la plenitud patagónica. Hay aquí un escribir que busca como destinatarios de su discurso -hecho con serena alegría, sin retóricas ni vanidades- a quienes están comprometidos con la vida. Una vida que demanda ser vivida en la plenitud de la conciencia, tejida con hilos amorosos, bañada con las aguas de la justicia. Una vida que permita sentir como propio el dolor ajeno, pero también propicia generar y brindar las tan necesarias pasiones dichosas. "30 años después" desnuda los sueños de una generación que intento tocar el cielo con las manos. (Así de simple. Así de profundo). aProyecto 4to libro, donacion EDUCO,septiembre 2017. aLiteratura a3901 2ddccLIT c2456d2456 00102ddc40708NFICaBFMbBFMcCRd2017-09-19l0o808.8023 98 ZAPp3901r2017-09-19tEj.1w2017-09-19yLITzProyecto 4to Libro. Donación Educo , Septiembre 2017 00102ddc40708NFICaBFMbBFMcCRd2017-09-19l0o808.8023 98 ZAPp3902r2017-09-19tEj.2w2017-09-19yLITzProyecto 4to Libro. Donación Educo , Septiembre 2017